banner koha

Aproveitamento de resíduos agrícolas na composição de substratos para produção de mudas de tomateiro (Registro n. 252621)

MARC details
000 -LÍDER
campo de controle de tamanho fixo 00924nas a2200313 4500
001 - NÚMERO DE CONTROLE
campo de controle BR2017001904
003 - IDENTIFICADOR DO NÚMERO DE CONTROLE
campo de controle BR-BrBNA
005 - DATA E HORÁRIO DA ÚLTIMA TRANSAÇÃO
campo de controle 20231205131023.0
007 - CAMPO FIXO DE DESCRIÇÃO FÍSICA--INFORMAÇÃO GERAL
campo de controle de tamanho fixo ta
008 - CAMPO DE DADOS FIXOS--INFORMAÇÃO GERAL
campo de controle de tamanho fixo 230509b bl.|||p| |||| 00| 00por d
040 ## - FONTE DA CATALOGAÇÃO
Instituição da catalogação original BR-BrBNA
Idioma da catalogação por
Instituição que transcreveu o registro Biblioteca Nacional de Agricultura
041 ## - CÓDIGO DE IDIOMA
Código do idioma do texto/trilha sonora ou título diferente (Pt)
072 ## - CÓDIGO DE CATEGORIA DE ASSUNTO
Código de Categoria de Assunto F04
100 1# - ENTRADA PRINCIPAL--NOME PESSOAL
Nome pessoal Krause, M.R.
100 1# - ENTRADA PRINCIPAL--NOME PESSOAL
Nome pessoal Monaco, P.A.V.L.
100 1# - ENTRADA PRINCIPAL--NOME PESSOAL
Nome pessoal Haddade, I.R.
100 1# - ENTRADA PRINCIPAL--NOME PESSOAL
Nome pessoal Meneghelli, L.A.M.
100 1# - ENTRADA PRINCIPAL--NOME PESSOAL
Nome pessoal Souza, T.D.
245 1# - TÍTULO
Título Aproveitamento de resíduos agrícolas na composição de substratos para produção de mudas de tomateiro
650 ## - ASSUNTO--TERMO TÓPICO
Cabeçalho tópico ou nome geográfico TOMATE
650 ## - ASSUNTO--TERMO TÓPICO
Cabeçalho tópico ou nome geográfico MUDA
650 ## - ASSUNTO--TERMO TÓPICO
Cabeçalho tópico ou nome geográfico SUBSTRATO DE CULTURA
650 ## - ASSUNTO--TERMO TÓPICO
Cabeçalho tópico ou nome geográfico COCO
650 ## - ASSUNTO--TERMO TÓPICO
Cabeçalho tópico ou nome geográfico FIBRA
650 ## - ASSUNTO--TERMO TÓPICO
Cabeçalho tópico ou nome geográfico RESÍDUO
773 0# - ENTRADA ANALÍTICA
Título Horticultura Brasileira (Brazil)
ISSN - International Standard Serial Number ISSN 0102-0536
Partes relacionadas (Apr-Jun 2017), v. 35(2) p. 305-310
Número de controle do registro BR2017001904
909 ## -
-- 202311
-- Lúcia
-- 55
-- Lúcia Elande
942 ## - ELEMENTOS DE ENTRADA ADICIONADOS (KOHA)
Fonte da classificação ou esquema de arquivamento na estante Classificação AGRIS
Ocultar no OPAC Não
Tipo de material Koha Analítica
Exemplares
Situação do descarte Fonte da classificação ou esquema de arquivamento na estante Situação física Não pode ser emprestado Biblioteca de origem Biblioteca atual Localização na estante Enumeração do periódico / cronologia Total de empréstimos Data de último acesso Número do exemplar Tipo de material Koha Fonte de aquisição
  Classificação AGRIS   Consulta local Biblioteca Nacional de Agricultura - Binagri Biblioteca Nacional de Agricultura - Binagri   (Apr-Jun 2017), v. 35(2) p. 305-310   29/11/2023 01 Periódicos Portaria Interministerial nº 164/94

BINAGRI

Telefone: (61)3218-2567/2388/3357/2097 - binagri@agro.gov.br

Ministério da Agricultura e Pecuária , Esplanada dos Ministérios, Bloco D, Anexo B, Brasília/DF, CEP: 70.043-900